000 00787nam a2200217Ia 4500
003 GCL
008 140319s9999 xx 000 0 ara d
020 _a2103039948
040 _aGCL /
_cGCL
082 0 4 _a005.8
_bم ك
100 1 _aمحمد طاهر احمد
245 1 0 _aكيف تحمى حاسوبك من هجمات الانترنت والفيروسات /
_cمحمد طاهر احمد
260 _aالامارات :
_bوزارة الاعلام والثقافة ،
_c2004
300 _a85 ص ؛
_c20 سم
650 0 4 _aالحاسبات الالكترونية - صيانة
650 0 4 _aالإنترنت
650 0 4 _aالحاسبات الالكترونية - فيروسات
650 0 4 _aالهاكرز
650 0 4 _aالإنترنت - فيروسات
942 _2ddc
_cBK
999 _c56600
_d56600